000 03096nam0a2200433 4500
001 RU\NLR\BIBL_A\022309317
005 20260420013928.0
010 _a978-5-9710-9511-8
021 _aRU
_bКН-П-24-042054
_9КН-П-24-4172
035 _a(NLR Aleph) 022309317
090 _a13663990
_c13663990
100 _a20240829d2024 u y0rusy50 ca
101 0 _arus
102 _aRU
105 _aa|||j|||011yy
181 0 _ai3
_baxxe
182 0 _an
200 1 _aКомпьютерная геометрия
_eосновы дифференциальной геометрии и топологии. Основные понятия компьютерной геометрии. Геометрическое моделирование
_eучебное пособие для студентов высших учебных заведений, обучающихся по направлениям подготовки "Информатика и вычислительная техника", "Информационные системы"
_fН. Н. Голованов, Д. П. Ильютко, Г. В. Носовский, А. Т. Фоменко
203 _aТекст
_bвизуальный
_cнепосредственный
205 _aИзд. 2-е, испр.
210 _aМосква
_cURSS
_cЛЕНАНД
_d2024
215 _a488 с.
_cил.
_d22
225 1 _aЮбилейная серия в честь 270-летия МГУ имени М. В. Ломоносова
225 1 _aФундамент будущего: Классический учебник МГУ
300 _aНа 4-й с. обл. авт.: Н. Н. Голованов, канд. техн. наук, Д. П. Ильютко, Г. В. Носовский, кандидаты физ.-мат. наук, доценты, А. Т. Фоменко, акад. Рос. акад. наук (РАН), действит. чл. акад.: МАН ВШ, МАТН, д-р физ.-мат. наук, проф., лауреат Гос. премии Рос. Федерации
300 _aПосвящается 270-летию Моск. гос. ун-та им. М. В. Ломоносова
313 _a1-е изд. 2006 г.
320 _aБиблиогр.: с. 481-483 (56 назв.)
320 _aПредм. указ.: с. 484-488
606 1 _aГеометрия
_jУчебные издания для высших учебных заведений
_xЗадачи
_xРешение на компьютерах
_92177757
_3RU\NLR\auth\661309747
686 1 _aВ181с116я73-1
701 1 _aГолованов
_bН. Н.
_gНиколай Николаевич
701 1 _aИльютко
_bД. П.
_f1979-
_gДенис Петрович
_9147901
_3RU\NLR\AUTH\770147937
701 1 _7ca
_8rus
_aНосовский
_bГ. В.
_f1958-
_gГлеб Владимирович
_971804
_3RU\NLR\AUTH\7788876
701 1 _7ca
_8rus
_aФоменко
_bА. Т.
_f1945-
_gАнатолий Тимофеевич
_9115258
_3RU\NLR\AUTH\775294
942 _cBOOK
980 _aNB